| 000 | 01180cab a2200325 4500 | ||
|---|---|---|---|
| 001 | ABS58444 | ||
| 008 | 090401t1998 xxu||||| |||| 00| 0 eng d | ||
| 035 | _a(Sirsi) u85020 | ||
| 041 | _aeng | ||
| 100 | _aFulford, C. | ||
| 245 | 4 | _aThe costs of reclaiming derelict sites | |
| 260 | _c1998 | ||
| 350 | _a0 | ||
| 490 |
_aTown & Country Planning _v67(1) January/February 1998, 21-23(3) |
||
| 520 | _aThe first in a series of articles based on papers from the TCPA/JRF project on the prospects of increasing urban housing capacity. Begins with results from a questionnaire sent to 85 housebuilders exploring their current patterns of development activity, their approach to the development of derelict land, their perceptions of risk, and strategies for change. References. | ||
| 650 | _aBROWNFIELD SITES | ||
| 650 |
_aContamination _96231 |
||
| 650 | _aDERELICT LAND | ||
| 650 | _aHOUSE BUILDERS | ||
| 650 | _aHOUSE BUILDING | ||
| 650 | _aLAND RECLAMATION | ||
| 650 | _aRESEARCH | ||
| 650 | _aRISK ANALYSIS | ||
| 650 | _aSURVEY | ||
| 650 | _aURBAN HOUSING | ||
| 650 | _aURBAN LAND | ||
| 690 | _aHOUSING-DEVELOPMENT | ||
| 942 | _n0 | ||
| 948 | _c18/03/1998 | ||
| 999 |
_c53444 _d53444 |
||